|
|
|
|
| LEADER |
00000nab a2200000 ar4500 |
| 001 |
vtls010113408 |
| 003 |
SK-MaSNL |
| 005 |
20260305043701.0 |
| 008 |
100708|2009 xo |||||||||||||| ||slo |
| 015 |
|
|
|a SNBRA2010/07
|2 snkbucl
|
| 038 |
|
|
|a SNKBUCL
|
| 040 |
|
|
|a SNKBUCL
|b slo
|e AACR2
|c SNKBUCL
|
| 041 |
1 |
|
|a slo
|b ger
|
| 044 |
|
|
|a xo
|c SK
|
| 080 |
|
|
|a 94(=162.3)
|x (437.6)
|x "19"
|2 2001
|
| 100 |
1 |
|
|a Zmátlo, Peter,
|d 1965-2022
|4 aut
|9 219756
|
| 245 |
1 |
0 |
|a Česi v Levoči po roku 1918
|c Peter Zmátlo
|
| 300 |
|
|
|b Tab.
|
| 504 |
|
|
|a Bibliogr. odkazy
|
| 546 |
|
|
|a Res. nem.
|
| 648 |
|
7 |
|a po 1918
|2 snkbucl
|9 340747
|
| 650 |
0 |
7 |
|a Česi
|2 snkbucl
|9 24818
|
| 651 |
|
7 |
|a Levoča (Slovensko)
|2 snkbucl
|9 26696
|
| 655 |
|
7 |
|a štúdie
|2 snkbucl
|9 57033
|
| 773 |
0 |
|
|t Z minulosti Spiša XVII
|d Levoča : Spišský dejepisný spolok, 2009
|g S. 153-186
|z 9788096945641
|
| 852 |
|
|
|a SNK
|b KIS3GCP
|
| 958 |
|
|
|a NB
|
| 999 |
|
|
|c 3354639
|d 3356569
|